[Event "IV Festival Terre degli Elimi A"]
[Site "Erice ITA"]
[Date "2013.07.25"]
[Round "2"]
[White "Di Marco, Salvatore Marco"]
[Black "Rigattieri, Uber"]
[WhiteElo "1615"]
[BlackElo "1873"]
[Result "0-1"]
[PlyCount "80"]
[EventDate "2013.07.24"]

1. e4 c5 2. Nf3 a6 3. b3 Nc6 4. Bb2 d6 5. h3 e6 6. d4 cxd4 7. Nxd4 Nf6 8. Bd3
Be7 9. Nd2 Qc7 10. N2f3 O-O 11. Qd2 Rd8 12. O-O Nxd4 13. Bxd4 e5 14. Be3 b5 15.
c4 Qb7 16. Qc2 h6 17. Rac1 Be6 18. Qb1 Rac8 19. cxb5 axb5 20. Nd2 d5 21. f3 d4
22. Bf2 Bb4 23. Rxc8 Rxc8 24. Be1 Ba3 25. Bh4 g5 26. Bg3 Nd7 27. b4 Rc3 28. Nb3
Bxb3 29. axb3 Bxb4 30. Rc1 Qc6 31. Rc2 f6 32. Be1 Rxc2 33. Bxc2 Bxe1 34. Qxe1
Qxc2 35. Qb4 Qc5 36. Qa5 d3+ 37. Kh2 Qc6 38. Qd8+ Kf7 39. Qh8 d2 40. Qh7+ Ke6
0-1

[Event "IV Festival Terre degli Elimi A"]
[Site "Erice ITA"]
[Date "2013.07.25"]
[Round "2"]
[White "Gelardi, Davide"]
[Black "Gruppuso, Arcangelo"]
[WhiteElo "1854"]
[BlackElo "1586"]
[Result "1-0"]
[PlyCount "47"]
[EventDate "2013.07.24"]

1. d4 Nf6 2. Nf3 d5 3. c4 c6 4. g3 Bf5 5. Nbd2 Qc7 6. Bg2 Ne4 7. O-O g6 8. Nh4
Nxd2 9. Bxd2 Be6 10. cxd5 cxd5 11. Rc1 Nc6 12. Bf4 Qd7 13. Qd2 Bh3 14. b4 Bxg2
15. Kxg2 h6 16. Nf3 e6 17. b5 Ne7 18. a4 f6 19. Rc7 Qd8 20. Qc2 Rc8 21. Rc1
Rxc7 22. Qxc7 Qd7 23. Qxd7+ Kxd7 24. Rc7+ 1-0

[Event "IV Festival Terre degli Elimi A"]
[Site "Erice ITA"]
[Date "2013.07.25"]
[Round "2"]
[White "Georgiev, Vladimir"]
[Black "Novak, Ksenija"]
[WhiteElo "2544"]
[BlackElo "2099"]
[Result "1-0"]
[PlyCount "39"]
[EventDate "2013.07.24"]

1. Nf3 d5 2. c4 e6 3. d4 Nf6 4. Nc3 Bb4 5. e3 O-O 6. Bd3 dxc4 7. Bxc4 c5 8. O-O
Nc6 9. a3 Bxc3 10. bxc3 Na5 11. Bd3 c4 12. Bc2 Qd5 13. Nd2 b5 14. a4 Bb7 15. e4
Qc6 16. axb5 Qxb5 17. e5 Qd5 18. Qf3 Nb3 19. Bxb3 cxb3 20. exf6 1-0

[Event "IV Festival Terre degli Elimi A"]
[Site "Erice ITA"]
[Date "2013.07.25"]
[Round "2"]
[White "Guccione, Cristoforo"]
[Black "Ljubisavljevic, Zivojin Z."]
[WhiteElo "1781"]
[BlackElo "2215"]
[Result "0-1"]
[PlyCount "54"]
[EventDate "2013.07.24"]

1. c4 e5 2. Nc3 f5 3. g3 Nf6 4. Bg2 Bb4 5. Nd5 Nxd5 6. cxd5 O-O 7. Qb3 Bd6 8.
Nf3 Qf6 9. d4 exd4 10. Bg5 Qg6 11. Be7 Re8 12. Bxd6 cxd6 13. Nxd4 Na6 14. Qc2
Qf6 15. Rd1 g6 16. O-O b6 17. Rfe1 Bb7 18. e4 Rac8 19. Qd2 fxe4 20. Bxe4 Nc5
21. Bg2 Ba6 22. b4 Rxe1+ 23. Rxe1 Nd3 24. Re4 Rc1+ 25. Bf1 Rxf1+ 26. Kxf1 Nxf2+
27. Re2 Ne4+ 0-1

[Event "IV Festival Terre degli Elimi A"]
[Site "Erice ITA"]
[Date "2013.07.25"]
[Round "2"]
[White "Gutierrez Bolado, Juan Antonio"]
[Black "Messina, Damiano"]
[WhiteElo "1711"]
[BlackElo "1908"]
[Result "1-0"]
[PlyCount "63"]
[EventDate "2013.07.24"]

1. e4 c6 2. d4 d5 3. e5 Bf5 4. h4 h5 5. c4 e6 6. Nc3 Nd7 7. Bd3 Ne7 8. Bg5 Bxd3
9. Qxd3 Qb6 10. Nf3 Nf5 11. c5 Qc7 12. b4 b6 13. Ne2 a5 14. O-O axb4 15. cxb6
Qxb6 16. Rfb1 c5 17. Nc3 c4 18. Qc2 Nxd4 19. Nxd4 Qxd4 20. Nb5 Qc5 21. a4 Nxe5
22. Be3 Qc8 23. Bb6 Rb8 24. a5 Nd7 25. Nc7+ Ke7 26. Rxb4 Nxb6 27. axb6 Rxb6 28.
Nxd5+ exd5 29. Rxb6 Qc7 30. Qb2 c3 31. Qb4+ Kd7 32. Qb5+ 1-0

[Event "IV Festival Terre degli Elimi A"]
[Site "Erice ITA"]
[Date "2013.07.25"]
[Round "2"]
[White "Konijn, Bart"]
[Black "Ravagnani, Tiziano"]
[WhiteElo "2264"]
[BlackElo "1960"]
[Result "1-0"]
[PlyCount "41"]
[EventDate "2013.07.24"]

1. e4 c5 2. Nf3 d6 3. d4 cxd4 4. Nxd4 Nf6 5. Nc3 g6 6. Be3 Bg7 7. Be2 Na6 8. f4
Nc5 9. Bf3 h5 10. h3 Qb6 11. Nb3 Be6 12. O-O Rd8 13. Qe2 Qb4 14. a3 Qc4 15.
Nxc5 dxc5 16. Qf2 Nd7 17. Be2 Qd4 18. Rad1 Qf6 19. e5 Nxe5 20. fxe5 Qxe5 21.
Bb5+ 1-0

[Event "IV Festival Terre degli Elimi A"]
[Site "Erice ITA"]
[Date "2013.07.25"]
[Round "2"]
[White "Konijn, Rob"]
[Black "Di Misa, Salvatore"]
[WhiteElo "1974"]
[BlackElo "1962"]
[Result "1-0"]
[PlyCount "81"]
[EventDate "2013.07.24"]

1. e4 Nf6 2. e5 Nd5 3. d4 d6 4. Nf3 dxe5 5. Nxe5 c6 6. Qf3 Nf6 7. Bc4 e6 8. c3
Nbd7 9. Nxd7 Bxd7 10. O-O Be7 11. Nd2 Qc7 12. Ne4 Nxe4 13. Qxe4 Bd6 14. h3
O-O-O 15. b4 f5 16. Qe3 Rde8 17. Bd2 f4 18. Qd3 g5 19. Rae1 Rhg8 20. Qxh7 g4
21. hxg4 Rxg4 22. f3 Rg3 23. Rf2 b5 24. Bb3 e5 25. Rfe2 Qb6 26. Bxf4 Re7 27.
Qh8+ Re8 28. Qh6 Bf8 29. Qh4 Rg7 30. Rxe5 Rxe5 31. Rxe5 Kb7 32. Qf6 Bh3 33. g3
Rd7 34. Qxf8 Rxd4 35. Qc5 Qxc5 36. Rxc5 Rd7 37. g4 Rd3 38. Kf2 Kb6 39. Bc2 Rd7
40. Rh5 Rf7 41. Bf5 1-0

[Event "IV Festival Terre degli Elimi A"]
[Site "Erice ITA"]
[Date "2013.07.25"]
[Round "2"]
[White "La Franca, Vincenzo"]
[Black "Bocci, Alessandro"]
[WhiteElo "1656"]
[BlackElo "1888"]
[Result "0-1"]
[PlyCount "56"]
[EventDate "2013.07.24"]

1. d4 d5 2. Nf3 Nf6 3. e3 e6 4. Bd3 c5 5. c3 Bd6 6. O-O O-O 7. Nbd2 b6 8. e4
dxe4 9. Nxe4 Bb7 10. Bg5 Be7 11. Nxf6+ Bxf6 12. Bxf6 Qxf6 13. Be2 Rd8 14. Qc1
cxd4 15. Nxd4 Nc6 16. Bf3 Nxd4 17. cxd4 Bxf3 18. gxf3 Qxf3 19. Qe3 Qg4+ 20. Kh1
Qxd4 21. Qxd4 Rxd4 22. Rfd1 Rad8 23. Rxd4 Rxd4 24. b3 g6 25. Kg2 Rd2 26. Kf3
Kg7 27. Ke3 Rc2 28. a3 Rc3+ 0-1

[Event "IV Festival Terre degli Elimi A"]
[Site "Erice ITA"]
[Date "2013.07.25"]
[Round "2"]
[White "Licata, Silvio"]
[Black "Calamia, Giampaolo"]
[WhiteElo "1545"]
[BlackElo "1803"]
[Result "0-1"]
[PlyCount "46"]
[EventDate "2013.07.24"]

1. d4 f5 2. c4 Nf6 3. Nc3 d6 4. f4 g6 5. Nf3 Bg7 6. e3 O-O 7. Bd3 c6 8. O-O
Nbd7 9. b3 e5 10. dxe5 dxe5 11. Bc2 exf4 12. exf4 Ne4 13. Nxe4 Bxa1 14. Neg5
Bf6 15. Ne6 Qb6+ 16. c5 Nxc5 17. Nxc5 Qxc5+ 18. Kh1 Be6 19. Qe2 Rae8 20. Qf2
Qxf2 21. Rxf2 Bd5 22. Bd2 Rd8 23. Ne1 Bh4 0-1

[Event "IV Festival Terre degli Elimi A"]
[Site "Erice ITA"]
[Date "2013.07.25"]
[Round "2"]
[White "Martinez, Ayelen"]
[Black "Van Dongen, Cor"]
[WhiteElo "2103"]
[BlackElo "2357"]
[Result "1-0"]
[PlyCount "67"]
[EventDate "2013.07.24"]

1. e4 e6 2. d4 d5 3. Nc3 Bb4 4. e5 c5 5. a3 Bxc3+ 6. bxc3 Ne7 7. Qg4 Qc7 8.
Qxg7 Rg8 9. Qxh7 cxd4 10. Ne2 Nbc6 11. f4 dxc3 12. Qd3 Nf5 13. h4 Bd7 14. h5 d4
15. h6 O-O-O 16. h7 Rh8 17. g4 Nfe7 18. Bg2 Qb6 19. Be4 Be8 20. Qg3 Nd5 21. f5
Ne3 22. fxe6 fxe6 23. g5 Qc5 24. g6 Bxg6 25. Bxg6 Nxe5 26. Bxe3 dxe3 27. Be4
Qd6 28. Qxe3 Qd2+ 29. Qxd2 cxd2+ 30. Kd1 Ng4 31. Bd3 Nf2+ 32. Kxd2 e5 33. Ke3
Ng4+ 34. Kf3 1-0

[Event "IV Festival Terre degli Elimi A"]
[Site "Erice ITA"]
[Date "2013.07.25"]
[Round "2"]
[White "Marzaduri, Riccardo"]
[Black "Lo Bosco, Salvatore"]
[WhiteElo "1931"]
[BlackElo "1720"]
[Result "1-0"]
[PlyCount "63"]
[EventDate "2013.07.24"]

1. e4 c5 2. d4 cxd4 3. Nf3 d6 4. Nxd4 Nf6 5. Nc3 a6 6. Be2 e6 7. a4 Qc7 8. Be3
Nc6 9. Nb3 b6 10. f4 Bb7 11. Bf3 Rc8 12. O-O Be7 13. Qe1 O-O 14. Qg3 Kh8 15.
Rad1 Nb4 16. Rf2 Rfd8 17. Rfd2 d5 18. Bd4 Bc5 19. Nxc5 bxc5 20. Bxf6 gxf6 21.
exd5 Rg8 22. Qh4 exd5 23. Nxd5 Nxd5 24. Bxd5 Bxd5 25. Qxf6+ Rg7 26. Rxd5 Rcg8
27. Rd8 h5 28. Rxg8+ Kxg8 29. Rd8+ Kh7 30. Qf5+ Rg6 31. Rd7 Qc6 32. Qxf7+ 1-0

[Event "IV Festival Terre degli Elimi A"]
[Site "Erice ITA"]
[Date "2013.07.25"]
[Round "2"]
[White "Masternak, Grzegorz"]
[Black "Morello, Guido"]
[WhiteElo "2339"]
[BlackElo "2048"]
[Result "1-0"]
[PlyCount "59"]
[EventDate "2013.07.24"]

1. e4 c5 2. Nc3 Nc6 3. g3 g6 4. Bg2 Bg7 5. d3 d6 6. Be3 e6 7. Qd2 Rb8 8. Nge2
Nd4 9. O-O b5 10. Rae1 b4 11. Nd1 Qb6 12. c3 bxc3 13. bxc3 Nc6 14. f4 Nge7 15.
g4 f5 16. h3 Ba6 17. Ng3 O-O 18. gxf5 exf5 19. exf5 Nxf5 20. Nxf5 gxf5 21. Kh2
Kh8 22. Bf2 Rbe8 23. Rxe8 Rxe8 24. Re1 Rd8 25. Bh4 Rf8 26. Bd5 Bb7 27. Qg2 Qc7
28. Ne3 Bxc3 29. Nxf5 Qd7 30. Rg1 1-0

[Event "IV Festival Terre degli Elimi A"]
[Site "Erice ITA"]
[Date "2013.07.25"]
[Round "2"]
[White "Movileanu, Daniela"]
[Black "Haast, Anne"]
[WhiteElo "2030"]
[BlackElo "2277"]
[Result "1-0"]
[PlyCount "61"]
[EventDate "2013.07.24"]

1. e4 c5 2. Nc3 Nc6 3. Nge2 e6 4. g3 Rb8 5. Bg2 b5 6. O-O d6 7. d4 b4 8. Nb1
Ba6 9. d5 Nd4 10. Nxd4 cxd4 11. dxe6 fxe6 12. Re1 e5 13. c3 dxc3 14. bxc3 Nf6
15. Qa4+ Bb5 16. Qxa7 bxc3 17. Nxc3 Bd7 18. Bg5 Be7 19. Bxf6 Bxf6 20. Nd5 O-O
21. Rec1 Bg5 22. Rc7 Ra8 23. Qb6 Be6 24. Rc6 Bxd5 25. exd5 Qxb6 26. Rxb6 Bd2
27. Rxd6 Bc3 28. Rc1 Bd4 29. Rc2 Rxf2 30. Rxf2 Rxa2 31. Rd8# 1-0

[Event "IV Festival Terre degli Elimi A"]
[Site "Erice ITA"]
[Date "2013.07.25"]
[Round "2"]
[White "Nabuurs, Mart"]
[Black "Lo Pinto, Giovanni"]
[WhiteElo "2243"]
[BlackElo "1948"]
[Result "1-0"]
[PlyCount "39"]
[EventDate "2013.07.24"]

1. e4 e6 2. Nf3 d5 3. e5 c5 4. b4 cxb4 5. a3 Nc6 6. axb4 Bxb4 7. c3 Be7 8. d4
f6 9. Bd3 fxe5 10. dxe5 Qc7 11. Qe2 Nh6 12. Bxh6 gxh6 13. O-O O-O 14. Re1 Bd7
15. Qe3 Kg7 16. Ra4 Rxf3 17. Rg4+ Kh8 18. gxf3 Bf8 19. Qf4 Bg7 20. Rxg7 1-0

[Event "IV Festival Terre degli Elimi A"]
[Site "Erice ITA"]
[Date "2013.07.25"]
[Round "2"]
[White "Paragliola, Gennaro"]
[Black "Mondello, Simone"]
[WhiteElo "1529"]
[BlackElo "1800"]
[Result "0-1"]
[PlyCount "64"]
[EventDate "2013.07.24"]

1. d4 Nf6 2. c4 c5 3. d5 g6 4. Nc3 Bg7 5. e4 d6 6. Nf3 O-O 7. Be2 e6 8. dxe6
fxe6 9. O-O Nc6 10. Bf4 e5 11. Bg5 Nd4 12. h3 Be6 13. b3 a6 14. Qd2 Qa5 15.
Rac1 Rab8 16. Rfe1 b5 17. cxb5 axb5 18. Bd3 Nxf3+ 19. gxf3 Bxh3 20. Bf1 Bxf1
21. Kxf1 Qa6 22. Qd3 c4 23. Qc2 b4 24. Nd1 cxb3+ 25. Qc4+ Qxc4+ 26. Rxc4 bxa2
27. Nb2 Rfc8 28. Bd2 Rxc4 29. Nxc4 b3 30. Nb2 d5 31. Bc3 d4 32. Ba5 Ra8 0-1

[Event "IV Festival Terre degli Elimi A"]
[Site "Erice ITA"]
[Date "2013.07.25"]
[Round "2"]
[White "Pesiri, Rossano"]
[Black "Van Den Berg, Bram"]
[WhiteElo "1952"]
[BlackElo "2231"]
[Result "1/2-1/2"]
[PlyCount "81"]
[EventDate "2013.07.24"]

1. d4 Nf6 2. c4 e5 3. dxe5 Ne4 4. a3 b6 5. Nf3 Bb7 6. Nbd2 Nc5 7. b4 Ne6 8. Qc2
a5 9. b5 Nc5 10. g3 g6 11. Bb2 Bg7 12. Bg2 O-O 13. O-O d5 14. exd6 Qxd6 15.
Bxg7 Kxg7 16. Rad1 Qe7 17. Nd4 Bxg2 18. Kxg2 Qf6 19. Ne4 Qe7 20. Nxc5 bxc5 21.
Nb3 a4 22. Nc1 c6 23. Na2 cxb5 24. Qc3+ Kg8 25. cxb5 Qxe2 26. Qf3 Qxb5 27. Qxa8
Nc6 28. Nc3 Qxf1+ 29. Kxf1 Rxa8 30. Rd5 Ra5 31. Ne4 c4 32. Rxa5 Nxa5 33. Nc3
Nb3 34. Nxa4 Nd2+ 35. Ke2 Nb1 36. Ke3 Nxa3 37. Kd4 Kg7 38. Nb2 Kf6 39. Nxc4
Nxc4 40. Kxc4 Kf5 41. f3 1/2-1/2

[Event "IV Festival Terre degli Elimi A"]
[Site "Erice ITA"]
[Date "2013.07.25"]
[Round "2"]
[White "Piazza, Dario"]
[Black "Savalla, Gianluca"]
[WhiteElo "1881"]
[BlackElo "1653"]
[Result "1-0"]
[PlyCount "105"]
[EventDate "2013.07.24"]

1. e4 e5 2. Nf3 Nf6 3. Nxe5 d6 4. Nf3 Nxe4 5. Qe2 Qe7 6. Nc3 Nxc3 7. bxc3 Qxe2+
8. Bxe2 Be7 9. O-O O-O 10. Rb1 Nc6 11. d4 Rb8 12. Bd3 Be6 13. c4 d5 14. c5 Bf6
15. c3 Rfe8 16. Bf4 Rec8 17. Rb2 Na5 18. Rfb1 Bd7 19. Rb4 g6 20. Ne5 Bxe5 21.
Bxe5 h5 22. h3 Kf8 23. f3 Ke7 24. g4 hxg4 25. hxg4 f5 26. g5 Bc6 27. Kf2 Be8
28. a4 Kf7 29. Ba6 Bc6 30. Bb5 Bxb5 31. axb5 Nc4 32. Bf4 Ra8 33. Rh1 Kg7 34.
Ra1 b6 35. Rba4 Na5 36. Be5+ Kg8 37. Rh1 Nc4 38. Rh8+ Kf7 39. Rxc8 Rxc8 40.
Rxa7 Nxe5 41. dxe5 Ke6 42. f4 bxc5 43. Ra6+ Kf7 44. Rc6 c4 45. b6 Ke7 46. Rxc7+
Rxc7 47. bxc7 Kd7 48. Ke3 Kxc7 49. Kd4 Kc6 50. e6 Kd6 51. e7 Kxe7 52. Kxd5 Kd7
53. Kxc4 1-0

[Event "IV Festival Terre degli Elimi A"]
[Site "Erice ITA"]
[Date "2013.07.25"]
[Round "2"]
[White "Prinzivalli, Achille"]
[Black "Gueci, Laura"]
[WhiteElo "1721"]
[BlackElo "1913"]
[Result "0-1"]
[PlyCount "66"]
[EventDate "2013.07.24"]

1. e4 c5 2. Nc3 d6 3. g3 Nc6 4. Bg2 g6 5. f4 Bg7 6. Nf3 e6 7. O-O Nge7 8. d3
O-O 9. Nh4 Rb8 10. g4 f5 11. Ne2 fxg4 12. Ng3 Bf6 13. Qxg4 Kh8 14. Ne2 Nb4 15.
Bd2 Nxc2 16. Rac1 Nd4 17. Bc3 e5 18. f5 Nxe2+ 19. Qxe2 Bxh4 20. fxg6 Nxg6 21.
Rxf8+ Qxf8 22. Bd2 Be6 23. Rf1 Nf4 24. Bxf4 exf4 25. Qh5 Bf6 26. e5 Bxe5 27.
Be4 Qf7 28. Qxf7 Bxf7 29. b3 Rg8+ 30. Kh1 Bg6 31. Bxb7 Bxd3 32. Rf3 Bd4 33. h3
Be3 0-1

[Event "IV Festival Terre degli Elimi A"]
[Site "Erice ITA"]
[Date "2013.07.25"]
[Round "2"]
[White "Rosolia, Giuseppe"]
[Black "Galante, Benedetto"]
[WhiteElo "1801"]
[BlackElo "1518"]
[Result "1-0"]
[PlyCount "51"]
[EventDate "2013.07.24"]

1. Nf3 b6 2. g3 Bb7 3. Bg2 e6 4. d3 d6 5. O-O Nf6 6. e4 Nbd7 7. Nbd2 Be7 8. b3
O-O 9. a4 a5 10. Bb2 c5 11. Nc4 Qc7 12. Na3 Rac8 13. Nd2 Ba8 14. Ndc4 d5 15.
Nb5 Qb8 16. Nd2 dxe4 17. dxe4 Rcd8 18. Qe2 Ne8 19. Rfd1 Nd6 20. Nxd6 Bxd6 21.
Nc4 Be7 22. f3 Rfe8 23. Rd2 Nf6 24. Be5 Rxd2 25. Qxd2 Rd8 26. Bxb8 1-0

[Event "IV Festival Terre degli Elimi A"]
[Site "Erice ITA"]
[Date "2013.07.25"]
[Round "2"]
[White "Savalla, Pietro"]
[Black "Alaimo, Francesco"]
[WhiteElo "1909"]
[BlackElo "1657"]
[Result "1-0"]
[PlyCount "101"]
[EventDate "2013.07.24"]

1. d4 Nf6 2. Nf3 g6 3. Nbd2 Bg7 4. e4 d6 5. Bd3 O-O 6. O-O Nbd7 7. c3 e5 8.
dxe5 dxe5 9. Qe2 Qe7 10. Nb3 h6 11. h3 Ne8 12. Qc2 Nd6 13. Nfd2 f5 14. Nc4 f4
15. Nxd6 Qxd6 16. Rd1 Qe7 17. Nd2 Nb6 18. a4 Be6 19. a5 Nd7 20. Bc4 Rad8 21. b4
Bxc4 22. Nxc4 Nf6 23. Ba3 Qe6 24. Nd2 Rd7 25. Nb3 Rfd8 26. Nc5 Rxd1+ 27. Rxd1
Rxd1+ 28. Qxd1 Qe8 29. f3 Qc8 30. Qb3+ Kh7 31. Qf7 g5 32. Ne6 Qg8 33. Qxg8+
Kxg8 34. Nxc7 Bf8 35. c4 Kf7 36. Nd5 Nd7 37. Kf1 Nb8 38. Bb2 Ke6 39. Ke2 Nc6
40. Bc3 Bd6 41. Kd3 a6 42. b5 axb5 43. cxb5 Nd8 44. Bb4 Bb8 45. Kc4 Kd7 46.
Nb6+ Ke8 47. Kd5 Kf7 48. Nd7 Bc7 49. Nxe5+ Kf6 50. Nd7+ Kf7 51. a6 1-0

[Event "IV Festival Terre degli Elimi A"]
[Site "Erice ITA"]
[Date "2013.07.25"]
[Round "2"]
[White "Schlee, Ulrich"]
[Black "Merendino, Elda"]
[WhiteElo "1802"]
[BlackElo "1538"]
[Result "1-0"]
[PlyCount "93"]
[EventDate "2013.07.24"]

1. e4 d6 2. d4 Nf6 3. Nc3 e5 4. dxe5 dxe5 5. Qxd8+ Kxd8 6. Bg5 Nbd7 7. O-O-O c6
8. Bc4 Kc7 9. Bxf7 Bb4 10. f3 Bxc3 11. bxc3 Rf8 12. Be6 Nc5 13. Bxc8 Raxc8 14.
Ne2 Na4 15. Rd2 b5 16. Rhd1 Rf7 17. Be3 a6 18. a3 h6 19. Kb1 g5 20. h3 Rd7 21.
Rd3 Rxd3 22. cxd3 Nd7 23. Kc2 c5 24. Ng3 Rh8 25. Nf5 Nf6 26. d4 cxd4 27. cxd4
Nd7 28. d5 Nac5 29. Kb2 a5 30. Rc1 Kb6 31. Ne7 h5 32. Rc2 a4 33. Rc3 g4 34. Ng6
Rg8 35. Nxe5 Nxe5 36. Bxc5+ Kb7 37. hxg4 hxg4 38. f4 Nc4+ 39. Kc2 Re8 40. e5
Rh8 41. e6 Rh2 42. Rg3 Kc7 43. Rxg4 b4 44. Rg7+ Kc8 45. axb4 Rh8 46. b5 Rd8 47.
e7 1-0

[Event "IV Festival Terre degli Elimi A"]
[Site "Erice ITA"]
[Date "2013.07.25"]
[Round "2"]
[White "Spinella, Andrea"]
[Black "Knol, Geon"]
[WhiteElo "1808"]
[BlackElo "2146"]
[Result "0-1"]
[PlyCount "70"]
[EventDate "2013.07.24"]

1. d4 c6 2. e4 g6 3. Nf3 Bg7 4. Nc3 d5 5. Bf4 dxe4 6. Nxe4 Qa5+ 7. Bd2 Qd8 8.
Bf4 Nf6 9. Nxf6+ exf6 10. Bc4 O-O 11. O-O Nd7 12. h3 Nb6 13. Bb3 Nd5 14. Bg3 a5
15. c4 Ne7 16. Re1 Nf5 17. Bh2 h5 18. d5 c5 19. Nd2 Nd4 20. Ne4 b6 21. Ba4 f5
22. Nd6 Ba6 23. Ne8 Bxc4 24. Nxg7 Kxg7 25. Be5+ Kh7 26. Bxd4 cxd4 27. Bc6 Rc8
28. Bb7 Rc5 29. Qxd4 Qd7 30. b3 Bb5 31. d6 Qxb7 32. Re7 Qd5 33. Qf6 Bc6 34. f3
Rc2 35. Rae1 Rxg2+ 0-1

[Event "IV Festival Terre degli Elimi A"]
[Site "Erice ITA"]
[Date "2013.07.25"]
[Round "2"]
[White "Spinelli, Dario"]
[Black "Iannello, Antonio"]
[WhiteElo "1606"]
[BlackElo "1852"]
[Result "1/2-1/2"]
[PlyCount "62"]
[EventDate "2013.07.24"]

1. e4 c5 2. Nf3 d6 3. d4 cxd4 4. Nxd4 Nf6 5. Nc3 a6 6. Bc4 e6 7. Nf3 Be7 8. e5
dxe5 9. Qxd8+ Bxd8 10. Nxe5 Bc7 11. Nf3 b5 12. Bd3 Bb7 13. a3 O-O 14. O-O Nbd7
15. b4 Ne5 16. Nxe5 Bxe5 17. Bb2 Rac8 18. Nd1 Bxb2 19. Nxb2 Nd5 20. c4 bxc4 21.
Bxc4 Nf4 22. f3 Rfd8 23. Rad1 Nd5 24. Rd3 Rc7 25. Rfd1 Rdc8 26. Bxd5 Bxd5 27.
Na4 Rc6 28. Nc5 h6 29. Rc3 R8c7 30. Rdc1 Rc8 31. R1c2 R8c7 1/2-1/2

[Event "IV Festival Terre degli Elimi A"]
[Site "Erice ITA"]
[Date "2013.07.25"]
[Round "2"]
[White "Toma, Katarzyna"]
[Black "Stirpe, Claudio"]
[WhiteElo "2305"]
[BlackElo "2029"]
[Result "0-1"]
[PlyCount "72"]
[EventDate "2013.07.24"]

1. e4 c5 2. Nf3 d6 3. d4 cxd4 4. Nxd4 Nf6 5. Nc3 g6 6. g3 Bg7 7. Bg2 O-O 8. O-O
Qb6 9. Nde2 Be6 10. h3 Nc6 11. Nf4 Bc4 12. Re1 e5 13. Nfe2 Rfd8 14. Nd5 Nxd5
15. exd5 Ne7 16. b3 Ba6 17. c4 Qc7 18. a4 f5 19. Bb2 Rf8 20. f4 Bxc4 21. bxc4
Qb6+ 22. Kh1 Qxb2 23. Rb1 Qa3 24. Rxb7 Nc8 25. fxe5 Bxe5 26. Qd2 Rf7 27. Rxf7
Kxf7 28. Qh6 Kg8 29. Qh4 Nb6 30. Qe7 Qb4 31. Rc1 Nxa4 32. Nf4 Nc5 33. Ne6 Qa3
34. Rb1 Qxg3 35. Kg1 Qe3+ 36. Kh1 Nd3 0-1

[Event "IV Festival Terre degli Elimi A"]
[Site "Erice ITA"]
[Date "2013.07.25"]
[Round "2"]
[White "Valguarnera, Girolamo"]
[Black "Rudolf, Anna"]
[WhiteElo "2086"]
[BlackElo "2301"]
[Result "1/2-1/2"]
[PlyCount "76"]
[EventDate "2013.07.24"]

1. Nf3 d5 2. d3 Nf6 3. g3 Bf5 4. Bg2 e6 5. O-O Be7 6. Nbd2 h6 7. c3 Nbd7 8. b4
c6 9. a4 a5 10. Qb3 O-O 11. Ba3 Re8 12. Nd4 Bh7 13. b5 Bxa3 14. Qxa3 e5 15.
bxc6 exd4 16. cxd7 Rxe2 17. Nf3 dxc3 18. Qxc3 Qxd7 19. Nd4 Ree8 20. Nb5 Rac8
21. Qd4 Bf5 22. Ra3 Rc6 23. Rb3 Bh3 24. Nc3 Rec8 25. Re1 Rc5 26. Bh1 Qc6 27.
Ne2 Rc2 28. Bf3 Re8 29. Rbb1 Qe6 30. Qa1 Qf5 31. Nd4 Qxd3 32. Rxe8+ Nxe8 33.
Nxc2 Qxf3 34. Ne3 Nf6 35. Qe5 Qe2 36. Qb2 Qf3 37. Qe5 Qe2 38. Qb2 Qf3 1/2-1/2

[Event "IV Festival Terre degli Elimi A"]
[Site "Erice ITA"]
[Date "2013.07.25"]
[Round "2"]
[White "Van Assendelft, Floris"]
[Black "Kampman, Tijmen"]
[WhiteElo "2381"]
[BlackElo "2094"]
[Result "1-0"]
[PlyCount "71"]
[EventDate "2013.07.24"]

1. e4 e6 2. d4 d5 3. e5 c5 4. c3 Nc6 5. Nf3 Bd7 6. Be2 Rc8 7. O-O a6 8. Nbd2
Nh6 9. dxc5 Ng4 10. c4 Ncxe5 11. cxd5 Bxc5 12. dxe6 Bxe6 13. h3 Nxf2 14. Rxf2
Nxf3+ 15. Nxf3 Qb6 16. Qa4+ Rc6 17. Qh4 Bd5 18. b4 Bxf2+ 19. Qxf2 Qxb4 20. Nd4
Rg6 21. Qe3+ Kd8 22. Ba3 Qa5 23. Rc1 Re8 24. Rc8+ Kxc8 25. Qxe8+ Kc7 26. Qe7+
Kb8 27. Bd6+ Ka7 28. Bc5+ Kb8 29. Bd6+ Ka7 30. Bc5+ Kb8 31. Qe5+ Kc8 32. Qxd5
Qe1+ 33. Bf1 Qe3+ 34. Kh1 Rf6 35. Nf3 Qc1 36. Kg1 1-0

[Event "IV Festival Terre degli Elimi A"]
[Site "Erice ITA"]
[Date "2013.07.25"]
[Round "2"]
[White "Van Weersel, Arlette"]
[Black "Groenewold, Jan Joris"]
[WhiteElo "2176"]
[BlackElo "2175"]
[Result "1-0"]
[PlyCount "109"]
[EventDate "2013.07.24"]

1. e4 e5 2. Nf3 d6 3. Bc4 Be7 4. c3 Nf6 5. d3 Nbd7 6. Bxf7+ Kxf7 7. Ng5+ Kg6 8.
h4 h5 9. Qf3 Nc5 10. b4 Rf8 11. bxc5 Ng4 12. Qg3 Rxf2 13. Nf3 Qg8 14. Nbd2 Kh7
15. Nc4 b5 16. cxb6 axb6 17. a3 b5 18. Ncd2 Kh8 19. Nh2 Rf8 20. Nhf3 Bd7 21. c4
c6 22. O-O Ne3 23. Rf2 bxc4 24. Nxe5 dxe5 25. Qxe3 Bxh4 26. g3 Rxf2 27. Qxf2
Rf8 28. Qh2 Be7 29. Qxh5+ Qh7 30. Qxh7+ Kxh7 31. Nxc4 Bc5+ 32. Be3 Bxe3+ 33.
Nxe3 Rf3 34. Re1 Rxg3+ 35. Kf2 Rh3 36. Rg1 Rh2+ 37. Rg2 Rh1 38. Nc4 Ra1 39.
Nxe5 Ra2+ 40. Kg1 Ra1+ 41. Kh2 Be8 42. Rb2 Rxa3 43. Rb8 Bg6 44. Rc8 Bxe4 45.
dxe4 Ra5 46. Nf7 Kg6 47. Nd6 Kf6 48. Rxc6 Ke6 49. Kg3 Ke5 50. Kf3 Ra4 51. Nf7+
Kd4 52. Rd6+ Kc5 53. Rd5+ Kc4 54. Ne5+ Kc3 55. Nd3 1-0

[Event "IV Festival Terre degli Elimi A"]
[Site "Erice ITA"]
[Date "2013.07.25"]
[Round "2"]
[White "Walkusz, Malgorzata"]
[Black "Russo, Carmelo"]
[WhiteElo "1924"]
[BlackElo "1686"]
[Result "1-0"]
[PlyCount "113"]
[EventDate "2013.07.24"]

1. e4 c6 2. d3 d5 3. Nd2 e5 4. Ngf3 Bg4 5. Be2 Bxf3 6. Bxf3 Nf6 7. O-O Be7 8.
Re1 Nbd7 9. c3 O-O 10. Qc2 Qc7 11. Nf1 Rfd8 12. d4 Rac8 13. Ng3 g6 14. Bh6 Kh8
15. Qb3 Kg8 16. exd5 cxd5 17. Bxd5 Nxd5 18. Qxd5 Bf6 19. Ne4 Be7 20. Ng5 Bxg5
21. Bxg5 Re8 22. Rad1 Nb6 23. Qb3 exd4 24. cxd4 Qc4 25. Qxc4 Rxe1+ 26. Rxe1
Rxc4 27. Bf6 Rc8 28. g4 Nd5 29. Be5 Rc2 30. Bb8 a6 31. Re5 Nf6 32. d5 Rc5 33.
Re7 Nxd5 34. Rxb7 Rc1+ 35. Kg2 Rc2 36. Be5 f6 37. Bd4 Rc6 38. a3 Nc7 39. Bxf6
Rxf6 40. Rxc7 Rb6 41. b4 Rf6 42. Ra7 h5 43. f4 Rd6 44. a4 Rd2+ 45. Kf3 Rd6 46.
Rb7 Rd3+ 47. Ke4 Ra3 48. a5 Ra2 49. Rb6 Rb2 50. Rxg6+ Kh7 51. Rxa6 Rxb4+ 52.
Ke5 Rb2 53. Ra7+ Kg6 54. a6 Rxh2 55. Ra8 Kg7 56. a7 Ra2 57. Ke6 {...} 1-0

[Event "IV Festival Terre degli Elimi A"]
[Site "Erice ITA"]
[Date "2013.07.25"]
[Round "3"]
[White "Alaimo, Francesco"]
[Black "Paragliola, Gennaro"]
[WhiteElo "1657"]
[BlackElo "1529"]
[Result "1-0"]
[PlyCount "53"]
[EventDate "2013.07.24"]

1. Nf3 Nf6 2. g3 d5 3. Bg2 g6 4. O-O Bg7 5. d3 O-O 6. Nbd2 Nc6 7. e4 dxe4 8.
dxe4 e5 9. h3 Bd7 10. c3 Qc8 11. Kh2 Nh5 12. Qe2 f5 13. exf5 Bxf5 14. Nb3 Be6
15. Nc5 Bf7 16. Ng5 Bf6 17. Nxf7 Kxf7 18. Qc4+ Ke7 19. Nxb7 Nd8 20. Nxd8 Rxd8
21. Qc5+ Kf7 22. Bxa8 Qxa8 23. Qxc7+ Kg8 24. Qc4+ Kg7 25. Be3 Be7 26. Qc7 Kf6
27. Bg5+ 1-0

[Event "IV Festival Terre degli Elimi A"]
[Site "Erice ITA"]
[Date "2013.07.25"]
[Round "3"]
[White "Arnaudov, G. Petar"]
[Black "Konijn, Bart"]
[WhiteElo "2487"]
[BlackElo "2264"]
[Result "1-0"]
[PlyCount "45"]
[EventDate "2013.07.24"]

1. d4 d5 2. c4 c6 3. cxd5 cxd5 4. Nc3 Nf6 5. Bf4 a6 6. e3 Nc6 7. Bd3 Bg4 8.
Nge2 e6 9. O-O Be7 10. Rc1 O-O 11. a3 Rc8 12. Na4 Nd7 13. Bg3 Bh5 14. b4 b5 15.
Nc5 Nxc5 16. bxc5 e5 17. Bf5 Ra8 18. dxe5 Re8 19. e6 Bf6 20. exf7+ Kxf7 21. Qc2
g6 22. Nf4 gxf5 23. Nxh5 1-0